000 00381nam a2200157Ia 4500
008 230524s9999 xx 000 0 und d
082 _a537.32
_bDUT
100 _aAloke K. Dutta
245 0 _aSemiconductor Devices and Circuits
250 _aIST
260 _aNEW DELHI
_bOxford
_c2009
300 _aXII;834
500 _aQuantity Number: 5
650 _aPhysics
942 _cBK
999 _c42978
_d42978